000 00528nam a2200181Ia 4500
005 20250508151019.0
008 008 250505s9999 xx 000 0 hin d
037 _aTextual
040 _aFEDL
_beng
_cFEDL
041 _ahin
_2eng
084 _a891.43, SAV
_qFEDL
100 _aSaval Ram Lal Ed.
_9758193
245 0 _aNibandh manjarai: Aalochnamatak terah nibandh
260 _aDelhi, India
_bMehar Chand Lachhman Das Prakashak
300 _a171p
942 _cTEXL
_h891.43, SAV
999 _c1327056
_d1327056